| 000 | 02492nam0a2200385 4500 | ||
|---|---|---|---|
| 001 | RU\NLR\bibl\1163865 | ||
| 005 | 20260407171836.0 | ||
| 010 |
_a5-8044-0755-4 _9300 |
||
| 021 |
_aRU _b2007-73909 _93979 |
||
| 035 | _a(NLR Aleph) 001150593 | ||
| 090 |
_a1475132 _c1475132 |
||
| 100 | _a20071205d2006 |||y0rusy50 ca | ||
| 101 | 0 |
_arus _deng |
|
| 102 | _aRU | ||
| 105 | _ay ||||||||| | ||
| 200 | 1 |
_aКаталог орнитологической коллекции Зоологического музея Биолого-почвенного института Дальневосточного отделения Российской академии наук _dCatalogue of birds on the collection of Zoological museum of the Institute of biology and soil sciences Far Eastern branch Russian academy of sciences _fВ.А. Нечаев, В.Н. Чернобаева _gРос. акад. наук, Дальневост. отд-ние, Биол.-почв. ин-т _zeng |
|
| 210 |
_aВладивосток _cДальнаука _d2006 |
||
| 215 |
_a435 с. _d22 |
||
| 300 | _aАвт. также на англ. яз.: V.A. Nechaev, V.N. Chernobaeva | ||
| 300 | _aРез. на англ. яз. | ||
| 320 | _aБиблиогр.: с. 394 | ||
| 510 | 1 |
_6z45790 _aCatalogue of birds on the collection of Zoological museum of the Institute of biology and soil sciences Far Eastern branch Russian academy of sciences _zeng |
|
| 601 | 0 | 2 |
_aБиолого-почвенный институт _bЗоологический музей _cВладивосток _jКаталоги _xОрнитологические коллекции _92506047 _3RU\NLR\auth\661485993 |
| 686 | _aЕ693.35е(2)л61 | ||
| 686 | _aЕ.е(2)л2 | ||
| 700 | 1 |
_4070 _8rus _7ca _aНечаев _bВ. А. _cд-р биол. наук _f1936- _gВиталий Андреевич _3RU\NLR\auth\7739886 _922849 |
|
| 701 | 1 |
_4070 _8rus _7ca _aЧернобаева _bВ. Н. _gВалентина Николаевна _3RU\NLR\auth\7762403 _945333 |
|
| 712 | 0 | 2 |
_4570 _aБиолого-почвенный институт _cВладивосток _bЗоологический музей _3RU\NLR\AUTH\8810108302 _9716783 |
| 790 | 1 |
_4070 _8rus _7ba _aNečaev _bV. A. _cд-р биол. наук _f1936- _gVitalij Andreevič _3RU\NLR\auth\7762402 _945332 |
|
| 790 | 1 |
_4070 _8rus _7ba _aČernobaeva _bV. N. _gValentina Nikolaevna _3RU\NLR\auth\7762405 _945335 |
|
| 801 | 0 |
_aRU _bNLR _c20071205 _gRCR |
|
| 801 | 1 |
_aRU _bNLR _c20071205 |
|
| 942 | _cBOOK | ||
| 980 | _aNB | ||